Quizzes
Events
Quiz Creation
Community
Videos
Private Events
Remove Ads
Sign In
Join for FREE
Feedback
Dark Mode
Quiz Categories
Sports
Geography
Music
Movies
Television
Just For Fun
Miscellaneous
History
Literature
Language
Science
Gaming
Entertainment
Religion
Holiday
For Kids
Quiz Lab
Recent
Popular Today
Quiz Kudos Today
Editor Picks
Curator Picks
Quizzes by...
Day
Popularity
Type
Ratings
Length
Year
Community
Subscriptions
Recent Discussions
Orange Saloon
Badges
Playlists
Quests
Create
Leaderboards
Showdown
Live 5
Trivia Bingo
Activity
Puzzle Library
Sporcle Events
Private Events
Virtual Trivia
Globe League
Become a Host
Pub Owners
SporcleCon
Opinionation
Our Games
Videos
Blog
Mobile Apps
Partnerships
Remove Ads and Go Orange
Feedback
Geography
Country
Landmarks
City
State
Population
World
Capital
Continent
Flags
Europe
Africa
Asia
South America
North America
Oceania
Border
Canada
United Kingdom
Topography
United States
Geography
Country
Landmarks
City
State
Population
World
Capital
Continent
Flags
Europe
Africa
Asia
South America
North America
Oceania
Border
Canada
United Kingdom
Topography
United States
Random Quiz
Search Sporcle
×
Quiz Lab
Quiz Lab
Geography
Asia
Type in answers that appear in a list
Type in answers that appear in a list
Classic
Best Score? Go Orange.
Country Quiz: Turkmenistan Stats
Can you name the facts about Turkmenistan?
By
Gadgetron
6m
24 Questions
1,095 Plays
1,095 Plays
1,095 Plays
Comments
Comments
Give Quiz Kudos
Give Quiz Kudos
-
- Ratings
hide this ad
Replay
Link that replays current quiz
Next Quiz
Link to next quiz in quiz playlist
You Got
0%
They Got
Avg Score
58%
Avg Friend Score
Upgrade to see
Score Distribution
Jump to the score distribution portion of the page
Score
0/24
Timer
06:00
0
Plays Today
Hint
Answer
% Correct
Flag Colour
Red
92.8%
Flag Colour
White
91.1%
Flag Colour
Green
90.7%
Official Language
Turkmen
89.1%
Nationality(demonym)
Turkmen
89.1%
Continent
Asia
81.8%
Official Religion
Islam
78.4%
Largest Ethnic Minority (5% of Population)
Uzbek
76%
Border Country (379 km)
Kazakhstan
75.6%
Border Country (1,621 km)
Uzbekistan
75.4%
Border Country (992 km)
Iran
74.7%
Border Country (744 km)
Afghanistan
72.8%
Hint
Answer
% Correct
Bordering Sea
Caspian Sea
68.5%
Official Name
Turkmenistan
65.2%
Capital
Ashgabat
60.2%
Largest Importer
China
47%
Median age of Citizens(approx)
25
43.3%
Flag Colour
Olive
36.7%
Government Type:
Authoritarian
28.1%
Most Common Industry of Occupation
Agriculture
20.5%
President
Gurbanguly Berdimuhamedow
12.7%
Largest Exporter
Ukraine
11.6%
Former Name
Turkmen Soviet Socialist Republic
11.2%
Land Area in 100,000s(km2)
488
8.2%
Quiz Playlist
Details
Report
Send in Message
Add To Playlist
Classic:
Type in answers that appear in a list
Quiz Source
Last Updated: May 10, 2017
Quiz Scoreboard
CHALLENGE
Sign Up to Join the Scoreboard
Show All
Scores
Hide
Comments
May contain spoilers
Recently Published
Decade Duel: World Leaders
by jenniferyan
History
4m
Alphabetical 'K' Countries by Flag Minefield
by ylime102
Geography
3m
Pick 6: Fruits
by JohnFran
Miscellaneous
15s
More to Explore
Quiz From the Vault
Featured Blog Post
15 Basketball Trivia Facts You Can Be March Mad About
hide this ad
You Might Also Like...
Tags
Asia Quiz
Country Quiz
central
Kyrgyzstan
stan
Turkmenistan
USSR
Today's Top Quizzes in Geography
Browse Geography
hide this ad
Today's Top Quizzes in Asia
Browse Asia
Top Contributed Quizzes in Geography
1
Countries of the World - No Outlines Minefield
2
Pick 6: Mountains
3
Least Populated Answer: 'G' Countries
4
Alphabetical 'L' Countries By Flag Minefield
5
Lietuvos savivaldybės (Lithuanian Municipalities)
6
Alphabetical 'M' Countries By Flag Minefield
7
Pick 6: National Parks
8
Pick 6: US States
9
Blind Ultimate Minefield: Europe
10
'A' Countries In Alphabetical Order by Flag
Explore More
Trending Topics
Kpop
Marvel
Anime
Harry Potter
Crossword
Disney
NBA
WWE
The Office
Pokémon
Soccer
NFL
Puzzle
Country
Song
hide this ad
More By:
Gadgetron
Quiz
Plays
Rating
Category
Featured
Created
Densely Populated Countries Minefield
216,905
3.83
Geography
Jul 17, 2011
Asian Countries Border Blitz
137,062
4.64
Geography
May 18, 2011
Countries By Desert
56,348
4.39
Geography
Jul 7, 2011
The Colombia Quiz
36,440
4.24
Geography
Mar 6, 2011
The Peru Quiz
33,181
4.57
Geography
Mar 5, 2011
Go to Creator's Profile
Score Distribution
Quiz Creator Spotlight
Gadgetron
Follow
Send a Message
Quizzes Created
-
Created Quiz Play Count
-
More By This Creator
Popular Quizzes Today
1
Countries of Asia Without Outlines Minefield
2
Find the US States - No Outlines Minefield
3
Pick 6: Fruits
4
Alphabetical 'K' Countries by Flag Minefield
5
The Countries of the World
6
Find the Countries of Europe - No Outlines Minefield
7
Find the US States
8
US States
More Geography Quizzes
Borders an 'H' Country Minefield
Published
Trending Quizzes
Pick 6: Mountains
Pick 6: Harry Potter
Pick 6: Flags
Pick 6: NFL Teams
Pick 6: Movie Franchises
Recently Updated
Adaptations: Name the Title
pecheneg
NWSL Teams
pecheneg
Women's Final Four Teams by Year
bhenderson79
Presidents Quartet II
eogle
Anything But Clue(do)
eogle
Anything But Oceanian Capitals
eogle
Anything But 7
eogle
Anything But Thing
eogle
Word Ladder: February 29
pecheneg
Song Title Questions
pecheneg
Trending Topics
Crossword
NBA
Marvel
Kpop
Anime
Harry Potter
Disney
Soccer
Puzzle
Song
Country
The Office
NFL
WWE
Pokémon
Your Account Isn't Verified!
In order to create a playlist on Sporcle, you need to verify the email address you used during registration. Go to your
Sporcle Settings
to finish the process.
Report this User
Report this user for behavior that violates our
Community Guidelines
.
Details:
Send Report
Go to the Sporcle.com Mobile Site →
Comments